Piłkarze narysowani przez AI #1 - Statystyki

Ogólne statystyki
  • Ten quiz został rozwiązany 5 721 razy
  • Średni wynik to 11 z 16
Statystyki odpowiedzi
Obrazkowy Odpowiedź % Poprawnych
Cristiano Ronaldo
100%
Pelé
97%
Diego Maradona
95%
Zlatan Ibrahimović
89%
Erling Haaland
87%
Luis Suárez
84%
Gareth Bale
83%
Wayne Rooney
83%
Lew Jaszyn
60%
Thierry Henry
60%
Johan Cruijff
58%
Samuel Eto'o
41%
Franz Beckenbauer
40%
George Best
40%
Peter Schmeichel
36%
Carlos Valderrama
25%
Nie znaleziono quizów pasujących do podanych kryteriów
Rozkład punktacji
Procent ludzi z każdym wynikiem
Percentyl według liczby udzielonych odpowiedzi
Twoja historia wyników
Nie rozwiązałeś tego quizu